Európska prokuratúra a práva obvinených a podozrivých osôb v trestnom konaní

Nariadenie o Európskej prokuratúre definuje tri úrovne, ktoré ustanovujú práva podozrivých a obvinených osôb: všeobecný rámec práv ustanovený Chartou základných práv EÚ, minimálny rozsah procesných práv ustanovených v práve Únie a procesné práva podľa uplatniteľného vnútroštátneho práva. Právna úpra...

Descrizione completa

Salvato in:
Dettagli Bibliografici
Autore principale: Becková, Dominika
Natura: Capitolo di libro
Lingua:slovacco
Soggetti:
Tags: Aggiungi Tag
Nessun Tag, puoi essere il primo ad aggiungerne!!

MARC

LEADER 00000naa a2200000 4500
001 0281842
005 20220211090538.6
041 0 |a slo 
044 |a SK 
245 1 0 |a Európska prokuratúra a práva obvinených a podozrivých osôb v trestnom konaní  |c Dominika Becková 
520 |a Nariadenie o Európskej prokuratúre definuje tri úrovne, ktoré ustanovujú práva podozrivých a obvinených osôb: všeobecný rámec práv ustanovený Chartou základných práv EÚ, minimálny rozsah procesných práv ustanovených v práve Únie a procesné práva podľa uplatniteľného vnútroštátneho práva. Právna úprava práv podozrivých a obvinených osôb v trestnom konaní na uvedených troch úrovniach a skúmanie otázky, či je táto právna úprava dostatočná. 
610 2 0 |a právo trestné 
610 2 0 |a prokuratúra 
610 2 0 |a úpravy právne 
610 2 0 |a Európska únia 
100 1 |a Becková, Dominika